[Event "Rudenko Memorial (Women)"]
[Site "Poltava"]
[Date "2010.08.04"]
[Round "3"]
[White "Aslanian, Ludmila K"]
[Black "Maiko, Alina"]
[Result "1-0"]
[WhiteElo "2140"]
[BlackElo "2056"]
[PlyCount "119"]
[EventDate "2010.08.03"]
[EventType "tourn"]
[EventRounds "11"]
[EventCountry "UKR"]
[SourceTitle "CBM 137 Extra"]
[Source "ChessBase"]
[SourceDate "2010.09.01"]
[SourceVersion "1"]
[SourceVersionDate "2010.09.01"]
[SourceQuality "1"]

1. e4 e6 2. d4 d5 3. Nd2 Nc6 4. Ngf3 Nf6 5. e5 Nd7 6. Be2 f6 7. exf6 Qxf6 8. Nf1 Bd6 9. Ne3 0-0 10. 0-0 Qg6 11. g3 Nf6 12. Nh4 Qe8 13. f4 b6 14. b3 Ne7 15. Ng4 Ne4 16. Bb2 a5 17. Bd3 a4 18. Nf2 a3 19. Bc1 Nc3 20. Qe1 Nb5 21. c3 c5 22. Nf3 Nf5 23. dxc5 bxc5 24. Bd2 Bc7 25. Ng4 Nbd6 26. Qe2 Bb6 27. Kg2 c4 28. bxc4 Nxc4 29. Bxc4 dxc4 30. Rab1 Bc5 31. Qxc4 Ra5 32. Rfe1 Nd6 33. Qd3 Ba6 34. Qc2 Bb7 35. Rxb7 Nxb7 36. c4 Ra6 37. Ng5 Qh5 38. Ne5 Rd6 39. Ne4 Rdd8 40. Bc3 Qf5 41. Qb3 Rb8 42. Nd7 Nd6 43. Nxb8 Nxe4 44. Nd7 Rd8 45. Nxc5 Nxc5 46. Qb1 Qxb1 47. Rxb1 Na4 48. Bb4 Nb6 49. c5 Nc4 50. Rc1 Ne3+ 51. Kf3 Nd5 52. Bxa3 Ra8 53. Bb2 Rxa2 54. Be5 Ra3+ 55. Ke4 Re3+ 56. Kd4 Re2 57. c6 Ra2 58. c7 Nxc7 59. Rxc7 g6 60. Re7 1-0

[Event "Rudenko Memorial (Women)"]
[Site "Poltava"]
[Date "2010.08.03"]
[Round "1"]
[White "Orlyanskaya, Darya"]
[Black "Aslanian, Ludmila K"]
[Result "1-0"]
[WhiteElo "2036"]
[BlackElo "2140"]
[PlyCount "163"]
[EventDate "2010.08.03"]
[EventType "tourn"]
[EventRounds "11"]
[EventCountry "UKR"]
[SourceTitle "CBM 137 Extra"]
[Source "ChessBase"]
[SourceDate "2010.09.01"]
[SourceVersion "1"]
[SourceVersionDate "2010.09.01"]
[SourceQuality "1"]

1. e4 c5 2. Nf3 e6 3. c3 d5 4. e5 d4 5. Bd3 Nc6 6. 0-0 Nge7 7. Be4 Ng6 8. Bxc6+ bxc6 9. Qa4 Bb7 10. Na3 Be7 11. Nc4 a5 12. cxd4 cxd4 13. Nxd4 Qc7 14. Nf3 0-0 15. d3 c5 16. Qd1 Rfd8 17. Re1 Rd7 18. Bg5 Bf8 19. Qe2 h6 20. Bd2 Qd8 21. Rad1 a4 22. Bc1 Ra7 23. Rf1 Ba6 24. Qc2 Bb7 25. Qe2 Ba6 26. g3 Rd5 27. Rd2 Rad7 28. Rfd1 Ne7 29. Ne1 Nc6 30. f4 Nb4 31. b3 axb3 32. axb3 Nc6 33. Bb2 Rb7 34. Ra1 Nb4 35. Bc3 Bb5 36. Rad1 g6 37. Bxb4 cxb4 38. d4 Rbd7 39. Nc2 h5 40. Qe4 Bc6 41. N2e3 Rxd4 42. Rxd4 Bxe4 43. Rxd7 Qa8 44. Rd8 Qa2 45. Nd2 Bd5 46. Nxd5 exd5 47. Rxd5 Qc2 48. Ra1 Kg7 49. Raa5 Qd1+ 50. Kf2 Qh1 51. Nf3 Qb1 52. Nd2 Qh1 53. Nf1 Qe4 54. Rd8 h4 55. Nd2 Qh1 56. Nf3 h3 57. Raa8 Qg2+ 58. Ke3 Bc5+ 59. Ke4 Qe2+ 60. Kd5 Qxf3+ 61. Kxc5 Qf2+ 62. Kb5 Qe2+ 63. Kxb4 Qe4+ 64. Ka3 g5 65. Rg8+ Kh7 66. Rh8+ Kg6 67. g4 f5 68. Rhg8+ Kf7 69. gxf5 Qxf4 70. e6+ Kf6 71. Rgf8+ Ke5 72. e7 Qc1+ 73. Kb4 Qd2+ 74. Ka4 Qa2+ 75. Kb4 Qd2+ 76. Kc5 Qc3+ 77. Kb6 Qxb3+ 78. Kc7 Qc4+ 79. Kd7 Qd5+ 80. Ke8 Qxa8+ 81. Kf7 Kxf5 82. Rxa8 1-0

[Event "Lubny Rudenko Memorial (Women)"]
[Site "Lubny"]
[Date "2009.08.11"]
[Round "10"]
[White "Aslanian, Ludmila K"]
[Black "Zingaylo, Anastasiya"]
[Result "1-0"]
[WhiteElo "2154"]
[BlackElo "2070"]
[PlyCount "65"]
[EventDate "2009.08.05"]
[EventType "tourn"]
[EventRounds "11"]
[EventCountry "UKR"]
[SourceTitle "EXT 2010"]
[Source "ChessBase"]
[SourceDate "2010.11.25"]
[SourceVersion "1"]
[SourceVersionDate "2010.11.25"]
[SourceQuality "1"]

1. e4 c5 2. Nf3 g6 3. d4 cxd4 4. Nxd4 Nf6 5. Nc3 Nc6 6. Nxc6 bxc6 7. e5 Nd5 8. Nxd5 cxd5 9. Qxd5 Rb8 10. Bc4 e6 11. Qd4 Bg7 12. 0-0 0-0 13. Bf4 d5 14. Bb3 a5 15. Rfe1 Bd7 16. c3 a4 17. Bxa4 Bxa4 18. Qxa4 Rxb2 19. Bc1 Rb6 20. Be3 Rb2 21. Bc5 Qa8 22. Qxa8 Rxa8 23. a4 f6 24. f4 fxe5 25. fxe5 Bh6 26. Bd4 Bd2 27. Rf1 Rb3 28. Rf3 Rab8 29. a5 Rb1+ 30. Rf1 R1b3 31. a6 Rxc3 32. a7 Ra8 33. Rfb1 1-0

[Event "Lubny Rudenko Memorial (Women)"]
[Site "Lubny"]
[Date "2009.08.07"]
[Round "5"]
[White "Aslanian, Ludmila K"]
[Black "Samar, Anna"]
[Result "1-0"]
[WhiteElo "2154"]
[BlackElo "2079"]
[PlyCount "35"]
[EventDate "2009.08.05"]
[EventType "tourn"]
[EventRounds "11"]
[EventCountry "UKR"]
[SourceTitle "EXT 2010"]
[Source "ChessBase"]
[SourceDate "2010.11.25"]
[SourceVersion "1"]
[SourceVersionDate "2010.11.25"]
[SourceQuality "1"]

1. e4 c5 2. Nf3 e6 3. d4 cxd4 4. Nxd4 a6 5. Bd3 Qc7 6. 0-0 Nf6 7. Qe2 Nc6 8. Nxc6 bxc6 9. e5 Nd5 10. a3 d6 11. c4 Nb6 12. exd6 Bxd6 13. f4 Bc5+ 14. Kh1 0-0 15. b4 Bd4 16. Qe4 f5 17. Qxd4 Rd8 18. Qe3 1-0

[Event "UKR-ch (Women)"]
[Site "Evpatoria"]
[Date "2009.05.31"]
[Round "9"]
[White "Tsirulnik, Maritsa"]
[Black "Aslanian, Ludmila K"]
[Result "1/2-1/2"]
[WhiteElo "2094"]
[BlackElo "2145"]
[PlyCount "63"]
[EventDate "2009.05.23"]
[EventType "swiss"]
[EventRounds "9"]
[EventCountry "UKR"]
[SourceTitle "CBM 130 Extra"]
[Source "ChessBase"]
[SourceDate "2009.07.02"]
[SourceVersion "2"]
[SourceVersionDate "2009.07.15"]
[SourceQuality "1"]

1. d4 Nf6 2. Nf3 e6 3. c4 Bb4+ 4. Bd2 Bxd2+ 5. Qxd2 0-0 6. Nc3 d5 7. e3 Qe7 8. cxd5 exd5 9. Bd3 Nbd7 10. 0-0 c6 11. Qc2 Re8 12. Nd2 Nf8 13. Rae1 Qd6 14. f3 Bd7 15. Nb3 Ne6 16. Qf2 c5 17. dxc5 Nxc5 18. Bc2 Nxb3 19. Bxb3 Qc5 20. Re2 Bc6 21. Rd1 Re7 22. Red2 Qxe3 23. Qxe3 Rxe3 24. Nxd5 Nxd5 25. Bxd5 Bxd5 26. Rxd5 Kf8 27. Kf2 Rae8 28. R1d2 g6 29. Rd7 R3e7 30. b3 Rc8 31. Rxe7 Kxe7 32. Ke3 1/2-1/2

[Event "UKR-ch (Women)"]
[Site "Evpatoria"]
[Date "2009.05.29"]
[Round "7"]
[White "Goreskul, Alyona"]
[Black "Aslanian, Ludmila K"]
[Result "1/2-1/2"]
[WhiteElo "2248"]
[BlackElo "2145"]
[PlyCount "76"]
[EventDate "2009.05.23"]
[EventType "swiss"]
[EventRounds "9"]
[EventCountry "UKR"]
[SourceTitle "CBM 130 Extra"]
[Source "ChessBase"]
[SourceDate "2009.07.02"]
[SourceVersion "2"]
[SourceVersionDate "2009.07.15"]
[SourceQuality "1"]

1. e4 c5 2. c3 d5 3. exd5 Qxd5 4. d4 Nf6 5. Nf3 e6 6. a3 Nc6 7. Be3 cxd4 8. cxd4 Be7 9. Nc3 Qd6 10. Bc4 a6 11. Ba2 b5 12. b4 Bb7 13. 0-0 Rc8 14. Rc1 0-0 15. Qe2 Qb8 16. h3 Rfd8 17. Rfd1 h6 18. Bb1 Bf8 19. Ba2 Ne7 20. Ne5 Ned5 21. Nxd5 Bxd5 22. Bxd5 Rxd5 23. Rxc8 Qxc8 24. Rc1 Qb7 25. Qc2 Rd8 26. Qc7 Qxc7 27. Rxc7 Ra8 28. Rxf7 a5 29. Rb7 axb4 30. axb4 Bxb4 31. Rxb5 Nd5 32. Rb7 Bd6 33. Rb3 Nxe3 34. Rxe3 Ra1+ 35. Kh2 Rd1 36. g3 Rxd4 37. Nf3 Ra4 38. Rxe6 Ra2 1/2-1/2

[Event "UKR-ch (Women)"]
[Site "Nikolaev"]
[Date "2008.12.10"]
[Round "9"]
[White "Aslanian, Ludmila K"]
[Black "Vasilevich, Tatjana"]
[Result "0-1"]
[WhiteElo "2183"]
[BlackElo "2368"]
[PlyCount "98"]
[EventDate "2008.12.02"]
[EventType "tourn"]
[EventRounds "11"]
[EventCountry "UKR"]
[SourceTitle "CBM 127 Extra"]
[Source "ChessBase"]
[SourceDate "2009.01.08"]
[SourceVersion "2"]
[SourceVersionDate "2009.01.28"]
[SourceQuality "1"]

1. e4 g6 2. d4 Bg7 3. Nc3 d6 4. Nf3 a6 5. a4 b6 6. Be3 Bb7 7. d5 Nf6 8. Nd4 0-0 9. Be2 c6 10. dxc6 Nxc6 11. Nxc6 Bxc6 12. Bf3 Nd7 13. Qd2 b5 14. Bh6 b4 15. Bxg7 Kxg7 16. Nd5 Bxd5 17. exd5 Qb6 18. 0-0 Rfc8 19. Rfe1 Ne5 20. Be2 Ra7 21. a5 Qc5 22. Rec1 Nc4 23. Bxc4 Qxc4 24. c3 Rac7 25. g3 bxc3 26. Rxc3 Qb5 27. Qd4+ Kg8 28. Rxc7 Rxc7 29. h4 h5 30. b4 Rc4 31. Qe3 Qxd5 32. Qxe7 Rxb4 33. Rc1 Kg7 34. Qe1 Rb5 35. Ra1 Qe5 36. Qd1 Rxa5 37. Rxa5 Qxa5 38. Qxd6 Qa1+ 39. Kg2 a5 40. g4 Qf6 41. Qg3 hxg4 42. Qxg4 Qc6+ 43. Kg1 Qd6 44. Kg2 Qb4 45. Qg5 Qe4+ 46. f3 Qc2+ 47. Kg1 Qf5 48. Qe3 Qb5 49. Qd4+ Kh7 0-1

[Event "UKR-ch (Women)"]
[Site "Nikolaev"]
[Date "2008.12.08"]
[Round "7"]
[White "Hrabinska, Myroslava"]
[Black "Aslanian, Ludmila K"]
[Result "1/2-1/2"]
[WhiteElo "2295"]
[BlackElo "2183"]
[PlyCount "93"]
[EventDate "2008.12.02"]
[EventType "tourn"]
[EventRounds "11"]
[EventCountry "UKR"]
[SourceTitle "CBM 127 Extra"]
[Source "ChessBase"]
[SourceDate "2009.01.08"]
[SourceVersion "2"]
[SourceVersionDate "2009.01.28"]
[SourceQuality "1"]

1. e4 c5 2. Nf3 e6 3. b4 cxb4 4. a3 d5 5. e5 Nc6 6. axb4 Bxb4 7. c3 Be7 8. d4 Bd7 9. Bd3 Na5 10. h4 h6 11. h5 Nc4 12. Rh3 Bb5 13. Rg3 Bf8 14. Nfd2 a6 15. Nf1 Ne7 16. Qg4 Qd7 17. Rf3 Nc6 18. Qf4 0-0-0 19. Bxc4 Bxc4 20. Qxf7 Qxf7 21. Rxf7 Bd3 22. Nbd2 Rd7 23. Rf3 Bb5 24. Rg3 Rf7 25. Rg6 Nd8 26. Ne3 Rc7 27. Ba3 Be8 28. Rg3 Bxh5 29. c4 dxc4 30. Ndxc4 Bxa3 31. Rxa3 Kb8 32. Na5 Rf8 33. f3 Be8 34. Nec4 Nc6 35. Nxc6+ Bxc6 36. Nd6 Bd5 37. Kd2 g5 38. Rh3 Rh8 39. g4 Rch7 40. Rh5 Kc7 41. Ke2 Bc6 42. Rc3 a5 43. Ne4 Kb8 44. Nf6 Rc7 45. Rh1 a4 46. Rhc1 Rhc8 47. Ke3 1/2-1/2

[Event "UKR-ch (Women)"]
[Site "Nikolaev"]
[Date "2008.12.07"]
[Round "6"]
[White "Aslanian, Ludmila K"]
[Black "Gaponenko, Inna"]
[Result "0-1"]
[WhiteElo "2183"]
[BlackElo "2473"]
[PlyCount "98"]
[EventDate "2008.12.02"]
[EventType "tourn"]
[EventRounds "11"]
[EventCountry "UKR"]
[SourceTitle "CBM 127 Extra"]
[Source "ChessBase"]
[SourceDate "2009.01.08"]
[SourceVersion "2"]
[SourceVersionDate "2009.01.28"]
[SourceQuality "1"]

1. e4 c5 2. Nf3 e6 3. d4 cxd4 4. Nxd4 a6 5. Bd3 Bc5 6. Nb3 Be7 7. c4 d6 8. Nc3 Nf6 9. 0-0 Qc7 10. f4 Nbd7 11. Qe2 b6 12. Bd2 Bb7 13. Rae1 h5 14. Kh1 h4 15. Nd4 Qc5 16. Be3 Qh5 17. Qxh5 Rxh5 18. b4 h3 19. g3 d5 20. exd5 Bxb4 21. Bd2 0-0-0 22. Be2 Rhh8 23. Bf3 exd5 24. cxd5 Nc5 25. Nf5 g6 26. Ne3 Nd3 27. Rb1 Rhe8 28. Nc4 b5 29. Nb2 Bxc3 30. Bxc3 Nxd5 31. Ba5 Ne3 32. Bxb7+ Kxb7 33. Bxd8 Nxf1 34. Nxd3 Rxd8 35. Ne5 Nd2 36. Rd1 Rc8 37. Nxf7 Rc2 38. Ne5 Rxa2 39. Kg1 b4 40. Kf2 b3 41. Nd3 b2 42. Nxb2 Rxb2 43. g4 a5 44. Kg3 a4 45. Ra1 Rb3+ 46. Kf2 a3 47. f5 gxf5 48. gxf5 Ne4+ 49. Ke2 Kc6 0-1

[Event "UKR-ch (Women)"]
[Site "Nikolaev"]
[Date "2008.12.04"]
[Round "3"]
[White "Arutyunova, Diana"]
[Black "Aslanian, Ludmila K"]
[Result "1/2-1/2"]
[WhiteElo "2274"]
[BlackElo "2183"]
[PlyCount "39"]
[EventDate "2008.12.02"]
[EventType "tourn"]
[EventRounds "11"]
[EventCountry "UKR"]
[SourceTitle "CBM 127 Extra"]
[Source "ChessBase"]
[SourceDate "2009.01.08"]
[SourceVersion "2"]
[SourceVersionDate "2009.01.28"]
[SourceQuality "1"]

1. e4 c5 2. Nf3 d6 3. d4 cxd4 4. Nxd4 Nf6 5. Nc3 Nc6 6. Be3 e6 7. Be2 Be7 8. 0-0 0-0 9. f4 a6 10. a4 Qc7 11. Qd2 Bd7 12. a5 Nxd4 13. Bxd4 Bc6 14. Qe3 Nd7 15. e5 g6 16. Ra2 Rac8 17. Bd3 Rfe8 18. Rb1 dxe5 19. fxe5 Bf8 20. Re1 1/2-1/2

[Event "UKR-ch sf (Women)"]
[Site "Evpatoria"]
[Date "2007.05.05"]
[Round "6"]
[White "Aslanian, Ludmila K"]
[Black "Andrenko, Irina"]
[Result "1/2-1/2"]
[WhiteElo "2174"]
[BlackElo "2037"]
[PlyCount "76"]
[EventDate "2007.04.30"]
[EventType "swiss"]
[EventRounds "9"]
[EventCountry "UKR"]
[SourceTitle "EXT 2008"]
[Source "ChessBase"]
[SourceDate "2007.11.25"]
[SourceVersion "1"]
[SourceVersionDate "2007.11.25"]
[SourceQuality "1"]

1. e4 g6 2. d4 Bg7 3. Nc3 d6 4. Nf3 Nf6 5. Be2 0-0 6. 0-0 c6 7. a4 Nbd7 8. a5 e5 9. h3 Nh5 10. dxe5 dxe5 11. Bc4 Qc7 12. Be3 Rd8 13. Qc1 Nf8 14. Ng5 Be6 15. Nxe6 Nxe6 16. Bxe6 fxe6 17. Rd1 Bf8 18. Rxd8 Qxd8 19. Qb1 Nf4 20. Qa2 Qf6 21. Qc4 a6 22. Rd1 Re8 23. Rd7 Qg5 24. Bxf4 exf4 25. Qd3 Re7 26. h4 Qg4 27. Rd8 Rf7 28. e5 Kg7 29. Ne4 Be7 30. Rd7 f3 31. g3 Qh3 32. Qf1 Qf5 33. Qd3 Qh3 34. Qf1 Qf5 35. Qd3 Qh3 36. Qf1 Qf5 37. Qd3 Qh3 38. Qf1 Qf5 1/2-1/2

[Event "UKR-ch (Women)"]
[Site "Alushta"]
[Date "2004.05.05"]
[Round "2"]
[White "Gorbatenko, Kateryna"]
[Black "Aslanian, Ludmila K"]
[Result "0-1"]
[WhiteElo "1951"]
[BlackElo "2193"]
[PlyCount "86"]
[EventDate "2004.05.04"]
[EventType "swiss"]
[EventRounds "9"]
[EventCountry "UKR"]
[SourceTitle "CBM 100 Extra"]
[Source "ChessBase"]
[SourceDate "2004.07.06"]
[SourceVersion "2"]
[SourceVersionDate "2004.07.06"]
[SourceQuality "1"]

1. e4 c5 2. Nf3 e6 3. c4 Nc6 4. Nc3 a6 5. Be2 Nd4 6. 0-0 Qc7 7. d3 Ne7 8. Be3 Nec6 9. Ne1 Be7 10. f4 d6 11. Nf3 0-0 12. a3 Bd7 13. Rb1 b5 14. b4 Nxe2+ 15. Qxe2 bxc4 16. dxc4 cxb4 17. axb4 d5 18. b5 Nb4 19. Ne5 dxc4 20. b6 Qb7 21. Qxc4 Rac8 22. Qb3 Rfd8 23. Nc4 Qc6 24. b7 Qxb7 25. Bb6 Re8 26. Ba5 Qc6 27. Bxb4 Bxb4 28. Qxb4 Qxc4 29. Nd1 Qxb4 30. Rxb4 Bb5 31. Re1 Rc1 32. Rd4 h5 33. Kf2 Rec8 34. Re3 R8c2+ 35. Kg3 h4+ 36. Kf3 Bf1 37. Nf2 Ra1 38. g3 Raa2 39. Rd8+ Kh7 40. Nd3 Be2+ 41. Rxe2 Rxe2 42. h3 hxg3 43. Nc1 Red2 0-1

[Event "Serpukhov-C"]
[Site "Serpukhov"]
[Date "2003.??.??"]
[Round "2"]
[White "Aslanian, Ludmila K"]
[Black "Pogonina, Natalija"]
[Result "1/2-1/2"]
[WhiteElo "2131"]
[BlackElo "2376"]
[PlyCount "58"]
[EventDate "2003.01.??"]
[EventType "tourn"]
[EventRounds "13"]
[EventCountry "RUS"]
[EventCategory "2"]
[SourceTitle "EXT 2004"]
[Source "ChessBase"]
[SourceDate "2003.11.25"]
[SourceVersion "1"]
[SourceVersionDate "2003.11.25"]
[SourceQuality "1"]

1. e4 c5 2. Nf3 d6 3. d4 cxd4 4. Nxd4 Nf6 5. Nc3 g6 6. Be3 Bg7 7. f3 0-0 8. Qd2 Nc6 9. Bc4 Bd7 10. 0-0-0 Rc8 11. Bb3 Ne5 12. Bg5 Rc5 13. f4 Nc4 14. Bxc4 Rxc4 15. e5 Ne8 16. Nd5 f6 17. exf6 exf6 18. Bh4 Nc7 19. Qd3 Rc5 20. Nc3 b5 21. h3 Kh8 22. Nb3 Rc6 23. g4 Qc8 24. Kb1 d5 25. Nd4 Rc4 26. f5 gxf5 27. gxf5 b4 28. Nce2 Nb5 29. Rhe1 Bh6 1/2-1/2

[Event "UKR tt (Women)"]
[Site "Alushta"]
[Date "2003.??.??"]
[Round "2"]
[White "Kalinina, Larisa"]
[Black "Aslanian, Ludmila K"]
[Result "1-0"]
[WhiteElo "2208"]
[BlackElo "2131"]
[PlyCount "53"]
[EventDate "2003.??.??"]
[EventType "team"]
[EventRounds "7"]
[EventCountry "UKR"]
[SourceTitle "EXT 2005"]
[Source "ChessBase"]
[SourceDate "2004.11.15"]
[SourceVersion "1"]
[SourceVersionDate "2004.11.15"]
[SourceQuality "1"]

1. e4 c5 2. Nf3 e6 3. d4 cxd4 4. Nxd4 Nf6 5. Nc3 d6 6. Bc4 Be7 7. Be3 0-0 8. Qe2 a6 9. Bb3 b5 10. a3 Qc7 11. g4 Nc6 12. g5 Nxd4 13. Bxd4 Nd7 14. Rg1 Nc5 15. Ba2 Bd7 16. Rg3 Rfb8 17. Qh5 Nxe4 18. Nxe4 Qxc2 19. Nf6+ Bxf6 20. gxf6 Qe4+ 21. Be3 b4 22. Rxg7+ Kh8 23. Bb1 Qh1+ 24. Kd2 Qd5+ 25. Qxd5 exd5 26. Bd3 bxa3 27. Rxh7+ 1-0